[Event "CP-2011-Q-00007"]
[Site "LSS email"]
[Date "2013.01.14"]
[Round "?"]
[White "Llorente Alvarez, Jose Luis"]
[Black "Egorov, Vladimir Alekseevic"]
[Result "0-1"]
[WhiteElo "2035"]
[BlackElo "2149"]
[PlyCount "134"]
[EventDate "2013.01.20"]
[EventType "tourn (corr)"]
[EventRounds "6"]
[EventCountry "GER"]
[SourceTitle "Telechess CBM 167"]
[Source "ChessBase"]
[SourceDate "2015.07.13"]
[SourceVersion "1"]
[SourceVersionDate "2015.07.13"]
[SourceQuality "1"]

1. e4 c6 2. d4 d5 3. Nc3 dxe4 4. Nxe4 Bf5 5. Ng3 Bg6 6. h4 h6 7. h5 Bh7 8. Nf3 Nf6 9. Bd3 Bxd3 10. Qxd3 Nbd7 11. Bf4 Qa5+ 12. Bd2 Qc7 13. 0-0-0 e6 14. Ne4 0-0-0 15. Kb1 c5 16. Nxf6 Nxf6 17. Rh4 cxd4 18. Nxd4 Bc5 19. Bf4 Qb6 20. c3 Rd5 21. Qe2 Qa6 22. Qc2 Rhd8 23. Rdh1 Be7 24. Nb3 Ne8 25. Rg4 Qc4 26. Nd4 Bf6 27. Be3 Kb8 28. f3 Qc7 29. Qa4 a6 30. Nb3 Nd6 31. Rb4 Nb5 32. Rc1 Qd6 33. Bf4 e5 34. Be3 Be7 35. Rg4 g6 36. Rg3 Qc6 37. Ka1 Rd3 38. Na5 Qc7 39. Nc4 Nd6 40. Nxd6 Qxd6 41. f4 Rd1 42. hxg6 fxg6 43. Qc2 Rxc1+ 44. Bxc1 exf4 45. Rxg6 Qd1 46. Kb1 Bg5 47. a3 f3 48. gxf3 Rd2 49. Qf5 Rd5 50. Qc2 Qe1 51. Rg8+ Ka7 52. Rxg5 hxg5 53. Ka2 Rc5 54. c4 Ka8 55. b4 Rc8 56. Bxg5 Qe6 57. Qe4 Qxe4 58. fxe4 Rxc4 59. e5 Re4 60. Bf6 b5 61. Kb2 Kb7 62. Kb3 Re3+ 63. Kb2 Kc6 64. Bg7 Kd5 65. Bh8 Kc4 66. Bg7 Re2+ 67. Kc1 Ra2 0-1

[Event "CP-2011-Q-00007"]
[Site "LSS email"]
[Date "2013.01.14"]
[Round "?"]
[White "Sukhanitskij, Stanislav"]
[Black "Egorov, Vladimir Alekseevic"]
[Result "0-1"]
[WhiteElo "2018"]
[BlackElo "2149"]
[PlyCount "100"]
[EventDate "2013.01.20"]
[EventType "tourn (corr)"]
[EventRounds "6"]
[EventCountry "GER"]
[SourceTitle "Telechess CBM 167"]
[Source "ChessBase"]
[SourceDate "2015.07.13"]
[SourceVersion "1"]
[SourceVersionDate "2015.07.13"]
[SourceQuality "1"]

1. e4 c6 2. d4 d5 3. e5 Bf5 4. h4 h5 5. c4 e6 6. Bg5 f6 7. exf6 gxf6 8. Bf4 Qb6 9. Qd2 e5 10. dxe5 Bxb1 11. Be3 d4 12. Bxd4 c5 13. Bc3 Bh6 14. Qd1 Bg6 15. Bd3 f5 16. Be2 Ne7 17. Bxh5 Bg7 18. Be2 Nbc6 19. f4 Nd4 20. Bxd4 cxd4 21. Qb3 Qa5+ 22. Kf2 0-0-0 23. Rd1 Qc5 24. Qa3 Qxa3 25. bxa3 Bf8 26. Nf3 Nc6 27. Ng5 Bh5 28. a4 Be7 29. Ne6 Rdg8 30. Ng5 d3 31. Bxh5 Rxh5 32. Rxd3 Bxg5 33. fxg5 Rgxg5 34. e6 Rg4 35. Re1 Rh8 36. e7 Re8 37. h5 Rxc4 38. h6 Rf4+ 39. Kg3 Rg4+ 40. Kf2 Rxe7 41. Rxe7 Nxe7 42. Rc3+ Kd7 43. Rb3 Rxa4 44. Rxb7+ Ke6 45. Kg3 Ng6 46. Rc7 Ra6 47. Rc8 Kf7 48. Rc7+ Kg8 49. Rg7+ Kh8 50. a4 Rxa4 0-1